Kinch and another v Bullard and others (Record no. 56921)

MARC details
000 -LEADER
fixed length control field 01662cab a2200265 4500
001 - CONTROL NUMBER
control field ABS59732
008 - FIXED-LENGTH DATA ELEMENTS--GENERAL INFORMATION
fixed length control field 090401t1998 xxu||||| |||| 00| 0 eng d
035 ## - SYSTEM CONTROL NUMBER
System control number (Sirsi) u89904
041 ## - LANGUAGE CODE
Language code of text/sound track or separate title eng
245 ## - TITLE STATEMENT
Title Kinch and another v Bullard and others
260 ## - PUBLICATION, DISTRIBUTION, ETC.
Date of publication, distribution, etc. 1998
350 ## - PRICE (NR) (BK AM CF MU VM SE) [OBSOLETE]
Price 0
490 ## - SERIES STATEMENT
Series statement Estates Gazette
Volume/sequential designation [1998]47 EG 140-143(4)
520 ## - SUMMARY, ETC.
Summary, etc. ChD 27 July 1998. In 1987 Mr and Mrs J acquired a freehold property as beneficial joint tenants and occupied it as their matrimonial home. In June 1995 Mrs J`s solicitors served a divorce petition on Mr J, and on 4 August 1995 a notice of severance was sent by ordinary post addressed to Mr J at the property. The notice was delivered on 7 August but it was removed and destroyed before Mr J had notice of it. Mr J died on 15 August and Mrs J died in January 1996. The plaintiff executors of Mr J issued proceedings against the executors of Mrs J seeking a declaration that they were entitled to one half beneficial share of the property, and they also sought the determination of the court as to whether the posting and subsequent delivery at the property of the notice was effective to sever the beneficial joint tenancy. "Held" the notice was validly served and the plaintiffs were entitled to the declaration they sought.
650 ## - SUBJECT ADDED ENTRY--TOPICAL TERM
Topical term or geographic name entry element BENEFICIAL JOINT TENANTS
650 ## - SUBJECT ADDED ENTRY--TOPICAL TERM
Topical term or geographic name entry element HOLWELL SECURITIES LTD V HUGHES
650 ## - SUBJECT ADDED ENTRY--TOPICAL TERM
Topical term or geographic name entry element LAW OF PROPERTY ACT 1925 S196
650 ## - SUBJECT ADDED ENTRY--TOPICAL TERM
Topical term or geographic name entry element NOTICE OF SEVERANCE
650 ## - SUBJECT ADDED ENTRY--TOPICAL TERM
Topical term or geographic name entry element SERVING NOTICES
650 ## - SUBJECT ADDED ENTRY--TOPICAL TERM
Topical term or geographic name entry element VAN HAARLAM V KASNER CHARITABLE TRUST
650 ## - SUBJECT ADDED ENTRY--TOPICAL TERM
Topical term or geographic name entry element WITHDRAWAL OF NOTICE
690 ## - LOCAL SUBJECT ADDED ENTRY--TOPICAL TERM (OCLC, RLIN)
Topical term or geographic name as entry element PROPERTY LAW AND PRACTICE-CASE LAW
942 ## - ADDED ENTRY ELEMENTS (KOHA)
Suppress in OPAC 0
948 ## - LOCAL PROCESSING INFORMATION (OCLC); SERIES PART DESIGNATOR (RLIN)
c (OCLC) 24/11/1998
Holdings
Withdrawn status Lost status Source of classification or shelving scheme Damaged status Not for loan Home library Current library Shelving location Date acquired Total Checkouts Full call number Barcode Date last seen Copy number Price effective from Koha item type
    Dewey Decimal Classification     London London Journal article 14/09/1999   ABS59732 89904-1001 06/08/2019 1 06/08/2019 Law report